Urbanización y Ciudades Medias. Territorios y espacialidades en cuestionamiento = Urbanização e Cidades Médias. Território e espacialidades em questão.
Saved in:
| 其他作者: | , , , |
|---|---|
| 格式: | 图书 |
| 出版: |
Santiago, Chile:
Pontificia Universidad Católica de Chile, CEDEUS
2023.
São Paulo, Brasil: RECIME, |
| 版: | Primera edición. |
| 丛编: | Colección GEOlibros
|
| 主题: | |
| 在线阅读: | Disponible Online - CEDEUS |
| 标签: |
添加标签
没有标签, 成为第一个标记此记录!
|
MARC
| LEADER | 00000nam a22000007a 4500 | ||
|---|---|---|---|
| 003 | CL-VaPUC | ||
| 005 | 20250228153319.0 | ||
| 008 | 230526t2023 ||||| |||| 00| 0 eng d | ||
| 999 | |c 440970 |d 440968 | ||
| 020 | |a 978-956-414-376-7 | ||
| 040 | |c Pontificia Universidad Católica de Valparaíso | ||
| 082 | 0 | 4 | |2 21 |a 307.76 HEN 2023 |
| 100 | 1 | |a Henríquez Ruiz, Cristián |e editor |9 882773 | |
| 245 | 1 | 0 | |a Urbanización y Ciudades Medias. Territorios y espacialidades en cuestionamiento = Urbanização e Cidades Médias. Território e espacialidades em questão. |
| 250 | |a Primera edición. |b Edición bilingüe. | ||
| 260 | |a Santiago, Chile: |b Pontificia Universidad Católica de Chile, |b CEDEUS | ||
| 260 | |a São Paulo, Brasil: |b RECIME, |c 2023. | ||
| 300 | |a 337 páginas. | ||
| 490 | 0 | |a Colección GEOlibros | |
| 500 | |a c.1 Donación Vicente Aprigliano Fernandes. 23/05/2023. | ||
| 583 | |c 20230526 |k CA | ||
| 650 | 1 | 0 | |a Comunidades urbanas |9 556622 |
| 650 | 1 | |a Desarrollo urbano |9 882774 | |
| 650 | 1 | |a Planificación territorial |9 517747 | |
| 650 | 1 | |a Planificación urbana |9 258176 | |
| 650 | 1 | |a Políticas públicas |x Urbanización |9 882775 | |
| 650 | 1 | |a Espacios urbanos |9 262902 | |
| 700 | |a Silva, William Ribeiro da |e editor |9 882776 | ||
| 700 | |a Aprigliano Fernandes, Vicente |e editor |9 882596 | ||
| 700 | |a Salazar, Gonzalo |e editor |9 882597 | ||
| 856 | |u https://www.cedeus.cl/blog/2023/04/13/urbanizacion-y-ciudades-medias-territorio-y-espacialidades-en-cuestionamiento/ |y Disponible Online - CEDEUS | ||
| 942 | |2 ddc |c BK | ||
| 952 | |0 0 |1 0 |2 ddc |4 0 |6 307_760000000000000_HEN_2023 |7 0 |8 A |9 590214 |a BIBING |b BIBING |c GEN |d 2023-05-26 |e Donación |i 5657571 |l 1 |o 307.76 HEN 2023 |p 5657571 |r 2025-04-21 |s 2025-04-21 |t 1 |w 2023-05-26 |y BK |k GEO | ||